Asset management in local government (Record no. 109543)

MARC details
000 -LEADER
fixed length control field 01271cad a22002415a 4500
001 - CONTROL NUMBER
control field E147413
008 - FIXED-LENGTH DATA ELEMENTS--GENERAL INFORMATION
fixed length control field 090511s2009 xxk f 000 0 eng d
020 ## - INTERNATIONAL STANDARD BOOK NUMBER
International Standard Book Number 9781906752453
035 ## - SYSTEM CONTROL NUMBER
System control number (Sirsi) u147413
041 0# - LANGUAGE CODE
Language code of text/sound track or separate title eng
050 04 - LIBRARY OF CONGRESS CALL NUMBER
Classification number 333.72 $2 18
110 2# - MAIN ENTRY--CORPORATE NAME
Corporate name or jurisdiction name as entry element Audit Scotland
9 (RLIN) 3963
245 00 - TITLE STATEMENT
Title Asset management in local government
Medium [electronic resource]
260 ## - PUBLICATION, DISTRIBUTION, ETC.
Place of publication, distribution, etc. Edinburgh
Name of publisher, distributor, etc. Audit Scotland
Date of publication, distribution, etc. 2009
505 2# - FORMATTED CONTENTS NOTE
Formatted contents note Summary -- Introduction -- A significant number of council buildings do not meet service needs -- Councils can improve their asset management arrangements -- Improved asset management and partnership working can improve council efficiency -- Appendices
520 ## - SUMMARY, ETC.
Summary, etc. Reports on a study aimed at assessing the effectiveness of councils' asset management, and whether value for money is being achieved. Fixed assets managed by local authorities include property (buildings and land), infrastructure assets such as roads and bridges, vehicles, plant and machinery, and IT hardware.
521 ## - TARGET AUDIENCE NOTE
Target audience note Advanced
590 ## - LOCAL NOTE (RLIN)
Local note KA
651 #4 - SUBJECT ADDED ENTRY--GEOGRAPHIC NAME
Geographic name Scotland
Chronological subdivision 1999-
690 ## - LOCAL SUBJECT ADDED ENTRY--TOPICAL TERM (OCLC, RLIN)
Topical term or geographic name as entry element Block management
9 (RLIN) 6220
856 40 - ELECTRONIC LOCATION AND ACCESS
Uniform Resource Identifier <a href="https://www.audit-scotland.gov.uk/media/article.php?id=108">https://www.audit-scotland.gov.uk/media/article.php?id=108</a>
Public note View the report free of charge at www.audit-scotland.gov.uk...
942 ## - ADDED ENTRY ELEMENTS (KOHA)
Suppress in OPAC 0
Holdings
Withdrawn status Lost status Source of classification or shelving scheme Damaged status Not for loan Home library Current library Shelving location Date acquired Total Checkouts Full call number Barcode Date last seen Copy number Price effective from Koha item type
    Dewey Decimal Classification     Virtual Virtual Online 11/05/2009   ONLINE PUBLICATION 147413-2001 06/08/2019 1 06/08/2019 Book